52 Weeks of Comedy Movies Quiz Stats

 Plays Quiz Updated Aug 3, 2018

Support Sporcle.
Go Orange.
Score 0/52 Timer 13:00
6 Plays Today
% Correct
Scooby-Doo
86.3%
Paul Blart: Mall Cop
84.1%
Groundhog Day
84.1%
Ghostbusters
82.1%
Shrek
81.9%
Dumb and Dumber
80.5%
Bruce Almighty
79.6%
Big
78.5%
American Pie
77.6%
Napoleon Dynamite
76.1%
Clueless
74.8%
Flubber
74.6%
Sixteen Candles
73.4%
Twins
72%
Crocodile Dundee
71.9%
The Boss Baby
71.8%
The Princess Bride
71.7%
Bridget Jones's Diary
71.2%
3 Men and a Baby
70.1%
Father of the Bride
70%
Blazing Saddles
69.3%
National Lampoon's Vacation
69.1%
Annie Hall
68.1%
Coming to America
67.1%
Weekend at Bernie's
65.2%
Bad Boys
64.6%
% Correct
This Is Spinal Tap
64.2%
Dr. Strangelove or: How I Learned to Stop Worrying and Love the Bomb
62.9%
The Royal Tenenbaums
61.7%
Monty Python's Life of Brian
59.8%
Harold & Kumar Go to White Castle
56.4%
Teen Wolf
55.6%
Paul
55.3%
The Green Hornet
53.7%
Galaxy Quest
52%
Get Smart
51.6%
Friday
50.7%
Burn After Reading
49.1%
The Pink Panther
47.4%
Neighbors
44.9%
Bad Grandpa
44.9%
The Great Dictator
44.3%
Duck Soup
38.7%
Mallrats
37.5%
The Producers
36.1%
The Curse of the Were-Rabbit
35.4%
Last Vegas
30.9%
Mystery Men
30.3%
Army of Darkness
28.5%
Arsenic and Old Lace
23.7%
Epic Movie
18.6%
Nurse Betty
16.8%

From the Vault

Mean Girls Quotes

by calkinsm

Movies 5m
"I'm sorry that people are so jealous of me... but I can't help it that I'm so popular."
Remove Ads.
Support Sporcle.
Get the best of Sporcle when you Go Orange. This ad-free experience offers more features, more stats, and more fun while also helping to support Sporcle. Thank you for becoming a member.

Show Comments

Extras

Top Quizzes Today


Score Distribution

Your Account Isn't Verified!

In order to create a playlist on Sporcle, you need to verify the email address you used during registration. Go to your Sporcle Settings to finish the process.

Report this User

Report this user for behavior that violates our Community Guidelines.

Details: